[Event "Pardubice op"]
[Site "Pardubice"]
[Date "1995.??.??"]
[Round "?"]
[White "Nikolenko, Oleg"]
[Black "Ivanov, Timur"]
[Result "1/2-1/2"]
[WhiteElo "2475"]
[BlackElo "2385"]

1.e4 c5 2.Nf3 d6 3.d4 cxd4 4.Nxd4 Nf6 5.Nc3 Nc6 6.Bg5 Bd7 7.Qd2 Rc8 8.O-O-O Nxd4
9.Qxd4 Qa5 10.Bd2 a6 11.Be2 e5 12.Qd3 h6 13.Kb1 Qc7 14.f4 Be6 15.Nd5 Bxd5
16.exd5 Be7 17.Bc3 exf4 18.Rhf1 O-O 19.Rxf4 Nd7 20.Qf5 Bf6 21.Rc4 Qd8 22.Bd3 g6
23.Bxf6 gxf5 24.Bxd8 Rxc4 25.Bxc4 Rxd8 26.Bd3 f4 27.Rf1 Re8 28.a4 Re5 29.Rxf4 Rxd5
30.Be4 Rd1+ 31.Ka2 b6 32.Bd3 Nc5 33.Rd4 Kg7 34.Rxd6 Nxa4 35.b4 a5 36.Kb3 b5
37.bxa5 Rb1+ 38.Ka3 Ra1+ 39.Kb4 Rb1+ 40.Ka3  1/2-1/2

[Event "Pardubice op"]
[Site "Pardubice"]
[Date "1995.??.??"]
[Round "?"]
[White "Nikolenko, Oleg"]
[Black "Walek, Milan"]
[Result "1-0"]
[WhiteElo "2475"]
[BlackElo "2315"]

1.e4 c5 2.Nf3 d6 3.d4 cxd4 4.Nxd4 Nf6 5.Nc3 Nc6 6.Bg5 e6 7.Qd2 a6 8.O-O-O h6
9.Be3 Bd7 10.f3 Rc8 11.Kb1 b5 12.a3 Qc7 13.g4 Qb7 14.h4 Ne5 15.Be2 d5 16.g5 b4
17.Na2 bxa3 18.b3 Nh5 19.exd5 exd5 20.Rhe1 Bd6 21.f4 Nc4 22.Bxc4 dxc4 23.Nb5 Be7
24.Nd6+ Bxd6 25.Qxd6 Be6 26.Bc1 Qc6 27.f5 cxb3 28.cxb3 Qc2+ 29.Ka1 Qxb3 30.Qd7+ Kf8
31.Qxc8+  1-0

[Event "Pardubice op"]
[Site "Pardubice"]
[Date "1995.??.??"]
[Round "?"]
[White "Tomescu, Vlad"]
[Black "Zontakh, Andrey"]
[Result "0-1"]
[WhiteElo "2390"]
[BlackElo "2460"]

1.e4 c5 2.Nf3 Nc6 3.d4 cxd4 4.Nxd4 Nf6 5.Nc3 d6 6.Bg5 e6 7.Qd2 a6 8.O-O-O h6
9.Be3 Nxd4 10.Bxd4 b5 11.a3 Be7 12.f3 e5 13.Be3 Be6 14.h4 Qa5 15.Kb1 Rb8
16.Nd5 Qxd2 17.Nxf6+ gxf6 18.Rxd2 h5 19.Be2 f5 20.exf5 Bxf5 21.Rg1 Be6 22.f4 f5
23.g3 Kf7 24.c3 Rbc8 25.Bf3 a5 26.Rf1 e4 27.Be2 Rb8 28.Bd4 Rh6 29.Rc1 Bb3
30.Bf2 Re6 31.Re1 d5 32.Bd1 Bxd1 33.Rexd1 Rd8 34.Bb6 Rd7 35.Kc2 Rg6 36.Bf2 Rg8
37.Kb3 Rc8 38.a4 b4 39.Bd4 bxc3 40.bxc3 Rb7+ 41.Kc2 Rc4 42.Rb1 Rbb4 43.Rdd1 Bc5
44.Be5 Rxb1 45.Rxb1 d4  0-1

[Event "Paris op"]
[Site "Paris"]
[Date "1995.??.??"]
[Round "?"]
[White "Korneev, Oleg"]
[Black "Varga, Peter"]
[Result "1-0"]
[WhiteElo "2540"]
[BlackElo "2440"]

1.e4 c5 2.Nf3 Nc6 3.d4 cxd4 4.Nxd4 Nf6 5.Nc3 d6 6.Bg5 e6 7.Qd2 a6 8.O-O-O h6
9.Be3 Be7 10.f3 Nxd4 11.Bxd4 b5 12.Kb1 Qa5 13.Bxf6 gxf6 14.f4 Bb7 15.Bd3 O-O-O
16.f5 b4 17.Ne2 d5 18.Qe3 e5 19.Nc1 Kb8 20.Nb3 Qc7 21.exd5 Rxd5 22.Be4 Rxd1+
23.Rxd1 Rd8 24.Rxd8+ Bxd8 25.Nc5 Bc8 26.Nd3 Qc4 27.b3 Qc3 28.Qxh6 Qd4 29.Qf8 a5
30.Qe8 Bb6 31.Qc6 Qg1+ 32.Nc1 a4 33.Qd6+ Ka7 34.Qxb4 Be3 35.Qe7+ Ka6 36.Qd6+ Ka5
37.b4+  1-0

[Event "Paris op"]
[Site "Paris"]
[Date "1995.??.??"]
[Round "?"]
[White "Payen, Arnaud"]
[Black "Feher, Gyula"]
[Result "1/2-1/2"]
[WhiteElo "2380"]
[BlackElo "2420"]

1.e4 c5 2.Nf3 Nc6 3.d4 cxd4 4.Nxd4 Nf6 5.Nc3 d6 6.Bg5 e6 7.Qd2 Be7 8.O-O-O O-O
9.Nb3 Qb6 10.f3 Rd8 11.Nb5 Rd7 12.Be3 Qd8 13.N5d4 e5 14.Nxc6 bxc6 15.Qc3 Bb7
16.Na5 Qc7 17.Bd3 d5 18.Bc5 d4 19.Qa3 Re8 20.Nb3 Bc8 21.Bc4 Bxc5 22.Nxc5 Rdd8
23.Rd3 Nd7 24.Rhd1 Nxc5 25.Qxc5 Qb6 26.Qxb6 axb6 27.a4 Be6 28.Bxe6 Rxe6  1/2-1/2

[Event "Paris op"]
[Site "Paris"]
[Date "1995.??.??"]
[Round "?"]
[White "Feher, Attila"]
[Black "Relange, Eloi"]
[Result "1/2-1/2"]
[WhiteElo "2270"]
[BlackElo "2420"]

1.e4 c5 2.Nf3 d6 3.d4 cxd4 4.Nxd4 Nf6 5.Nc3 Nc6 6.Bg5 e6 7.Qd2 Be7 8.O-O-O O-O
9.f4 Nxd4 10.Qxd4 Qa5 11.Bc4 Bd7 12.e5 dxe5 13.fxe5 Bc6 14.Bd2 Nd7 15.Nd5 Qc5
16.Nxe7+ Qxe7 17.Rhe1 Rfd8 18.Bf1 Nf8 19.Qe3 a6 20.g3 Ng6 21.c4 b5 22.Bc3 Qb7
23.Rxd8+ Rxd8 24.Ba5 Rc8 25.c5 Bd5 26.Kb1 Qc6 27.Bb6 Nf8 28.b4 Nd7 29.Ba5 f6
30.exf6 gxf6 31.Qf4 Kg7 32.Bd3 Bxa2+ 33.Kxa2 Qd5+ 34.Ka1 Qxd3 35.Qg4+ Kh8
36.Qxe6 Qc3+ 37.Kb1 Qd3+  1/2-1/2

[Event "Philidor mem"]
[Site "Paris"]
[Date "1995.??.??"]
[Round "4"]
[White "Marciano, David"]
[Black "Murrey, Jacob"]
[Result "0-1"]
[WhiteElo "2455"]
[BlackElo "2500"]

1.e4 c5 2.Nf3 Nc6 3.d4 cxd4 4.Nxd4 Nf6 5.Nc3 d6 6.Bg5 Bd7 7.Qd2 Rc8 8.O-O-O Nxd4
9.Qxd4 Qa5 10.Bd2 a6 11.a3 e5 12.Qd3 Ng4 13.Qe2 Qc5 14.Be1 Be7 15.Kb1 Nf6
16.f3 Be6 17.Qf2 Qc6 18.Qd2 h6 19.Nd5 b5 20.Nxe7 Kxe7 21.Bd3 Rhd8 22.g4 d5
23.Qg2 dxe4 24.Bb4+ Ke8 25.fxe4 Rd4 26.Rde1 Nd7 27.g5 h5 28.g6 f6 29.h3 Bg8
30.Bc3 Ra4 31.Qd2 Qe6 32.b3 Nc5 33.Rc1 Nxb3 34.cxb3 Qxb3+ 35.Qb2 Rxa3 36.Qxb3 Rxb3+
37.Bb2 Rxc1+ 38.Rxc1 Rxd3 39.Rc8+ Rd8 40.Rc7 Be6 41.Rxg7 Rd7 42.Rh7 Kf8 43.Rxh5 Kg7
44.h4 Bg4 45.Rh7+ Kxg6 46.Rh8 Bf3 47.Kc1 b4 48.Rg8+ Kf7 49.Ra8 Rd1+ 50.Kc2 Bxe4+  0-1

[Event "Philidor mem"]
[Site "Paris"]
[Date "1995.??.??"]
[Round "5"]
[White "Murrey, Jacob"]
[Black "Relange, Eloi"]
[Result "1/2-1/2"]
[WhiteElo "2500"]
[BlackElo "2455"]

1.e4 c5 2.Nf3 d6 3.d4 cxd4 4.Nxd4 Nf6 5.Nc3 Nc6 6.Bg5 e6 7.Qd2 Be7 8.O-O-O O-O
9.f4 Nxd4 10.Qxd4 Qa5 11.Bc4 Bd7 12.Rhe1 Bc6 13.Bb3 h6 14.Bh4 Rfd8 15.f5 exf5
16.Qc4 fxe4 17.Qxf7+ Kh8 18.Rf1 Qe5 19.Bg3 Qc5 20.Ne2 Nh5 21.Kb1 Nxg3 22.Nxg3 Qg5
23.Nf5 Rf8 24.h4 Qxf5 25.Rxf5 Rxf7 26.Rxf7 Bxh4 27.Rxd6 Re8 28.Re6 Rxe6 29.Bxe6 e3
30.Bc4 Bxg2 31.Rf8+ Kh7 32.Bd3+ g6 33.Re8 Bf2 34.Re7+ Kg8 35.Bxg6 Bf3 36.Bd3 h5
37.Bc4+ Kh8 38.Rf7 Bg4 39.Bf1 h4 40.Rf4 h3 41.Rxg4 h2 42.Bg2 e2 43.Re4 e1=Q+
44.Rxe1 Bxe1 45.Bxb7 Kg7 46.c3 Kf6 47.Kc2 Ke5 48.Kd3 Kd6 49.Kc4 Kc7 50.Bg2 Kb6
51.Kd5  1/2-1/2

[Event "Philidor mem"]
[Site "Paris"]
[Date "1995.??.??"]
[Round "8"]
[White "Marciano, David"]
[Black "Relange, Eloi"]
[Result "1/2-1/2"]
[WhiteElo "2455"]
[BlackElo "2455"]

1.e4 c5 2.Nf3 Nc6 3.d4 cxd4 4.Nxd4 Nf6 5.Nc3 d6 6.Bg5 e6 7.Qd2 a6 8.O-O-O h6
9.Bf4 Bd7 10.Nxc6 Bxc6 11.Qe1 Qa5 12.Bc4 O-O-O 13.f3 Nd7 14.a3 Qc7 15.Ba2 g5
16.Bg3 Ne5 17.h4 Bg7 18.Qd2 Rhg8 19.hxg5 hxg5 20.Rh7 Qe7 21.Qe3 Bf6 22.Qa7 Rh8
23.Rxh8 Rxh8 24.Ne2 Qc7  1/2-1/2

[Event "World op"]
[Site "Philadelphia"]
[Date "1995.??.??"]
[Round "6"]
[White "Ulfarsson, Magnus Orn"]
[Black "Kaufman, Larry C"]
[Result "1/2-1/2"]
[WhiteElo "2230"]
[BlackElo "2430"]

1.e4 c5 2.Nf3 d6 3.d4 cxd4 4.Nxd4 Nf6 5.Nc3 Nc6 6.Bg5 e6 7.Qd2 a6 8.O-O-O h6
9.Be3 Be7 10.f3 Nxd4 11.Bxd4 b5 12.h4 b4 13.Na4 Rb8 14.Qf2 Bd7 15.Nb6 Bb5
16.Nc4 Qc7 17.b3 O-O 18.e5 Ne8 19.exd6 Nxd6 20.Be5 Bxc4 21.Bxc4 Qb6 22.Qxb6 Rxb6
23.Bd3 Nb5 24.Kb2 f6 25.Bxb5 Rxb5 26.Bd6 Kf7 27.g4 Rc8 28.Rh2 Rc3 29.Bxe7 Kxe7
30.Rhd2 Rb7 31.Rd3 Rbc7 32.R1d2 a5 33.h5 R3c5 34.f4 Rc3 35.Kc1 R3c5 36.Kb2 Rc3
37.Kc1 R3c5 38.Kb2  1/2-1/2

[Event "Polanica Zdroj op"]
[Site "Polanica Zdroj"]
[Date "1995.??.??"]
[Round "3"]
[White "Socko, Bartosz"]
[Black "Cherkasov, Nikolai"]
[Result "1-0"]
[WhiteElo "2485"]
[BlackElo "2325"]

1.e4 c5 2.Nf3 d6 3.d4 cxd4 4.Nxd4 Nf6 5.Nc3 Nc6 6.Bg5 e6 7.Qd2 a6 8.O-O-O h6
9.Be3 Nxd4 10.Bxd4 Qa5 11.Kb1 e5 12.Be3 Be6 13.f3 Be7 14.Qf2 Qc7 15.g4 Rc8
16.h4 Qc6 17.Rg1 b5 18.g5 b4 19.gxf6 bxc3 20.fxe7 Bxa2+ 21.Kxa2 Qa4+ 22.Kb1 Rb8
23.b3 Qa3 24.Bc1 Rxb3+ 25.cxb3 Qxb3+ 26.Bb2 Qxd1+ 27.Ka2 Kxe7 28.Qa7+ Kf6
29.Qxf7+ Kxf7 30.Bc4+ Ke7 31.Rxd1 cxb2 32.Rg1 g5 33.hxg5 Rc8 34.gxh6 Rxc4
35.h7 Rc1 36.Kxb2 Rxg1 37.h8=Q Rd1 38.Qg7+ Ke6 39.f4  1-0

[Event "Policka op"]
[Site "Policka"]
[Date "1995.??.??"]
[Round "6"]
[White "Stodola, Jaroslav"]
[Black "Bagaturov, Giorgi"]
[Result "0-1"]
[WhiteElo "2170"]
[BlackElo "2460"]

1.e4 c5 2.Nf3 Nc6 3.d4 cxd4 4.Nxd4 Nf6 5.Nc3 d6 6.Bg5 e6 7.Qd2 a6 8.O-O-O Bd7
9.f4 Be7 10.Nf3 b5 11.Bxf6 gxf6 12.Qe3 Qa5 13.Kb1 b4 14.Ne2 O-O-O 15.Ned4 Kb7
16.g3 Qb6 17.Bh3 Na5 18.Qd3 Ka7 19.Rhe1 Bc8 20.Nd2 Bb7 21.Nf1 d5 22.exd5 Bxd5
23.Ne3 Bc5 24.b3 Bb7 25.c3 e5 26.Nc4 Nxc4 27.Qxc4 Bd5 28.Qxd5 Rxd5 29.Nb5+ axb5
30.Rxd5 Rd8 31.Red1 Rxd5 32.Rxd5 bxc3 33.Rd7+ Kb8  0-1

[Event "POR-ch"]
[Site "POR"]
[Date "1995.??.??"]
[Round "6"]
[White "Damaso, Rui"]
[Black "Costa, Paulo"]
[Result "1-0"]
[WhiteElo "2405"]
[BlackElo "2235"]

1.e4 c5 2.Nf3 d6 3.d4 cxd4 4.Nxd4 Nf6 5.Nc3 Nc6 6.Bg5 e6 7.Bb5 Qb6 8.O-O Bd7
9.Nb3 a6 10.Be2 Qc7 11.Bxf6 gxf6 12.Bh5 O-O-O 13.Bxf7 h5 14.f4 Qb6+ 15.Kh1 h4
16.f5 h3 17.g3 exf5 18.Nd5 Qa7 19.exf5 Ne5 20.Be6 Bh6 21.Qd4 Qxd4 22.Nxd4 Bg5
23.Bxd7+ Kxd7 24.Ne6 Rdg8 25.Nxg5 Rxg5 26.Nxf6+ Ke7 27.Ne4 Rg4 28.Rae1 Rc8
29.c3 Rc6 30.f6+  1-0

[Event "Pozarevac"]
[Site "Pozarevac"]
[Date "1995.??.??"]
[Round "6"]
[White "Dimitrov, Vladimir"]
[Black "Zontakh, Andrey"]
[Result "1/2-1/2"]
[WhiteElo "2520"]
[BlackElo "2460"]

1.e4 c5 2.Nf3 Nc6 3.d4 cxd4 4.Nxd4 Nf6 5.Nc3 d6 6.Bg5 e6 7.Qd2 a6 8.O-O-O h6
9.Be3 Nxd4 10.Bxd4 b5 11.Bd3 Be7 12.f4 b4 13.Ne2 Qa5 14.Kb1 e5 15.Be3 O-O
16.h3 Be6 17.Nc1 exf4 18.Bxf4 Nd7  1/2-1/2

[Event "Prague Mladi op"]
[Site "Prague"]
[Date "1995.??.??"]
[Round "2"]
[White "Krejci, Jakub"]
[Black "Sluka, Radek"]
[Result "1/2-1/2"]
[WhiteElo "2195"]
[BlackElo "2310"]

1.e4 c5 2.Nf3 Nc6 3.d4 cxd4 4.Nxd4 Nf6 5.Nc3 d6 6.Bg5 e6 7.Qd2 a6 8.O-O-O h6
9.Be3 Be7 10.f4 Nxd4 11.Bxd4 b5 12.Bd3 O-O 13.Kb1 b4 14.Ne2 a5 15.g4 Bb7
16.e5 dxe5 17.fxe5 Nd5 18.Ng3 Qc7 19.Ne4 Ba6 20.g5 Bxd3 21.cxd3 h5 22.Nf6+ Kh8
23.Nxh5 Rfc8 24.Rc1 Qd7 25.Nf6 Rxc1+ 26.Rxc1 Rc8 27.Rg1 Qc6 28.Qf2 Bxf6 29.gxf6 g5
30.h4 Nf4 31.Qd2 Nh3 32.Rf1 Qd5 33.Qe3 Qg2 34.Rc1 Rxc1+ 35.Qxc1 Qg4 36.Bb6 a4
37.hxg5 Nxg5 38.Be3 Nf3 39.Bh6 Kh7 40.Qh1 Qg1+ 41.Qxg1 Nxg1 42.Be3 Nf3 43.d4 b3
44.axb3 axb3 45.Kc1 Kg6 46.Kd1 Kf5 47.Ke2 Ke4 48.d5 Nxe5 49.dxe6  1/2-1/2

[Event "Prague Mladi op"]
[Site "Prague"]
[Date "1995.??.??"]
[Round "4"]
[White "Cherevatenko, Roman"]
[Black "Sluka, Radek"]
[Result "1-0"]
[WhiteElo "2365"]
[BlackElo "2310"]

1.e4 c5 2.Nf3 d6 3.d4 cxd4 4.Nxd4 Nf6 5.Nc3 Nc6 6.Bg5 e6 7.Qd2 a6 8.O-O-O h6
9.Be3 Be7 10.f4 Bd7 11.Bd3 b5 12.Kb1 Qa5 13.h3 Nxd4 14.Bxd4 b4 15.Ne2 e5
16.Be3 Be6 17.Nc1 O-O 18.f5 Bc8 19.g4 d5 20.Bxh6 Nxe4 21.Bxe4 dxe4 22.Be3 Qc7
23.Qf2 f6 24.h4 a5 25.h5 Rf7 26.h6 Bf8 27.hxg7 Bxg7 28.Qh4 a4 29.Bh6 Bb7
30.Bxg7 Rxg7 31.Qxf6 e3 32.Rh2 Bf3 33.Re1 e4 34.Qe6+ Qf7 35.Qc6 Rb8 36.Qxa4 Rxg4
37.Qc6 Rf8 38.Qh6 Qg7 39.Qxe3 Rxf5 40.Qb3+ Rf7 41.Qxb4 Qe5 42.Rh6 e3 43.Qd6 Qg5
44.Qb8+ Rf8 45.Rh8+ Kxh8 46.Qxf8+ Kh7 47.Qxf3  1-0

[Event "CRO-Cup"]
[Site "Pula"]
[Date "1995.??.??"]
[Round "2"]
[White "Palac, Mladen"]
[Black "Kozul, Zdenko"]
[Result "1-0"]
[WhiteElo "2545"]
[BlackElo "2570"]

1.e4 c5 2.Nf3 Nc6 3.d4 cxd4 4.Nxd4 Nf6 5.Nc3 d6 6.Bg5 e6 7.Qd2 a6 8.O-O-O Bd7
9.f3 Be7 10.h4 Nxd4 11.Qxd4 Bc6 12.Kb1 Qc7 13.g4 Rd8 14.Bd3 h5 15.gxh5 Nxh5
16.Qf2 Bf6 17.Be3 Qe7 18.Ne2 g6 19.f4 b5 20.Nd4 Bxd4 21.Bxd4 e5 22.fxe5 dxe5
23.Bc5 Qb7 24.Be2 Nf4 25.Rxd8+ Kxd8 26.Rd1+ Ke8 27.Bg4 f6 28.Be3 Kf7 29.Bxf4 exf4
30.Rd6 Kg7 31.Qxf4 Rf8 32.h5 gxh5 33.Bxh5 Bxe4 34.Qg4+ Kh6 35.Rd7 Qc6 36.Rd2 Bh7
37.Rh2 Qc7 38.Qg2 Rg8 39.Be8+ Qxh2 40.Qxh2+ Kg7 41.Bc6 Rc8 42.Qd6  1-0

[Event "CRO-Cup"]
[Site "Pula"]
[Date "1995.??.??"]
[Round "4"]
[White "Sax, Gyula"]
[Black "Kozul, Zdenko"]
[Result "1/2-1/2"]
[WhiteElo "2535"]
[BlackElo "2570"]

1.e4 c5 2.Nf3 Nc6 3.d4 cxd4 4.Nxd4 Nf6 5.Nc3 d6 6.Bg5 e6 7.Qd2 a6 8.O-O-O Bd7
9.f3 Be7 10.h4 Nxd4 11.Qxd4 Qc7 12.g4 Rc8 13.Be3 O-O 14.h5 Ne8 15.g5 f5 16.exf5 Rxf5
17.Bd3 Rxg5 18.h6 g6 19.Bxg5 Bxg5+ 20.Kb1 Bf6 21.Qg1  1/2-1/2

[Event "CRO-Cup"]
[Site "Pula"]
[Date "1995.??.??"]
[Round "4"]
[White "Zelic, Zdravko"]
[Black "Biliskov, Vjekoslav"]
[Result "0-1"]
[WhiteElo "2385"]
[BlackElo "2320"]

1.e4 c5 2.Nf3 d6 3.d4 cxd4 4.Nxd4 Nf6 5.Nc3 Nc6 6.Bg5 e6 7.Qd2 a6 8.O-O-O h6
9.Be3 Be7 10.f4 Nxd4 11.Bxd4 b5 12.Qe1 O-O 13.Bd3 b4 14.Na4 e5 15.Bb6 Qe8
16.b3 Bg4 17.fxe5 dxe5 18.Rd2 Qc6 19.Kb1 Nd7 20.Be3 Be6 21.Qg3 Kh8 22.Re1 a5
23.Qf2 Rfc8 24.Qf1 Rab8 25.Ba7 Rb7 26.Be3 Ra8 27.Qf2 Rc7 28.Qf1 Rb8 29.Nb2 Nc5
30.Bxc5 Bxc5 31.Na4 Bd4 32.Rdd1 Bg4 33.Rc1 Bc3 34.Nxc3 bxc3 35.Ka1 Qc5 36.Rb1 Be6
37.Qe2 a4 38.Qe3 axb3 39.Rxb3 Bxb3 40.Qxc5 Rxc5 41.cxb3 Rd8 42.Bc4 Rd2 43.Rc1 f5
44.Rxc3 f4 45.a4 Rxg2 46.b4 Rc8 47.b5 f3 48.b6 f2 49.b7 Rxc4 50.b8=Q+ Kh7
51.Qf8 Rxa4+ 52.Kb1 Rg1+ 53.Rc1  0-1

[Event "CRO-Cup"]
[Site "Pula"]
[Date "1995.??.??"]
[Round "5"]
[White "Zecevic, Dean"]
[Black "Novak, Danijel"]
[Result "1/2-1/2"]
[WhiteElo "2325"]
[BlackElo "2310"]

1.e4 c5 2.Nf3 Nc6 3.d4 cxd4 4.Nxd4 Nf6 5.Nc3 d6 6.Bg5 e6 7.Qd2 a6 8.O-O-O h6
9.Bf4 Bd7 10.Nxc6 Bxc6 11.Qe1 Qa5 12.Bxd6 Bxd6 13.Rxd6 Bxe4 14.Bc4 Qc7 15.Rd4 Bg6
16.f4 O-O 17.Qe5 Qc6 18.Qe2 Rac8 19.Bb3 b5 20.h3 Rfd8 21.Rhd1 Rxd4 22.Rxd4 Qc5
23.Qe5 Qc6 24.Qe2 Qc5 25.Qd2 Kh7 26.a3 a5 27.Kb1 a4 28.Ba2 h5 29.Ka1 Qb6
30.Bb1 Rc5 31.g3 Qc6 32.Qe3 Qh1 33.Rd1 Qc6 34.Ne2 Nd5 35.Qd2 Nb6 36.Nd4 Qd5
37.Qe2 Qc4 38.Qxc4 Nxc4 39.c3 Bxb1 40.Kxb1 Ne3 41.Re1 Nc4 42.Kc2 g6 43.Re4 Nb6
44.Re5 Nd5 45.Kd2 Kg8 46.g4 hxg4 47.hxg4 Kh7 48.f5 Nxc3 49.fxg6+ Kxg6 50.Rxc5 Ne4+
51.Ke3 Nxc5 52.Nxb5 Kg5 53.Kd4 Nb3+ 54.Ke5 Kxg4 55.Nc3 f5 56.Nxa4 f4 57.Nc3 f3
58.Nd1 Kg3 59.a4 f2 60.Nxf2 Kxf2 61.Kxe6 Nc5+  1/2-1/2

[Event "Recklinghausen"]
[Site "Recklinghausen"]
[Date "1995.??.??"]
[Round "6"]
[White "Mainka, Romuald"]
[Black "Varga, Zoltan"]
[Result "1/2-1/2"]
[WhiteElo "2530"]
[BlackElo "2535"]

1.e4 c5 2.Nf3 d6 3.d4 cxd4 4.Nxd4 Nf6 5.Nc3 Nc6 6.Bg5 e6 7.Qd2 a6 8.O-O-O h6
9.Be3 Be7 10.f4 Bd7 11.h3 b5 12.Bd3 Qc7 13.g4 Qb7 14.Nf3 Nb4 15.g5 Nxd3+
16.cxd3 b4 17.Ne2 Nxe4 18.dxe4 Rc8+ 19.Kb1 Qxe4+ 20.Ka1 Qxf3 21.Nd4 Qb7 22.gxh6 gxh6
23.Rhg1 a5 24.f5 e5 25.f6 Bf8 26.Ne2 Bxh3 27.Ng3 Be6 28.Nh5 d5 29.Qg2 Kd7
30.Ng7 Bxg7 31.fxg7 Rhg8 32.Qe4 Kd6 33.Qh4 d4 34.Qh2 Ke7 35.Bxd4 Qd5 36.Qh4+ Ke8
37.b3 exd4 38.Rxd4 Qc5 39.Qf6 Qc3+ 40.Kb1 Qc2+ 41.Ka1 Qf5 42.Qxh6 Rd8 43.Qh8 f6
44.Re1 Ke7 45.Rxd8 Kxd8 46.Qh2 Rxg7 47.Qd6+ Rd7 48.Qxe6 Qxe6 49.Rxe6 Rd1+
50.Kb2 Rd2+ 51.Kc1 Rf2 52.Ra6 Rf5 53.Kc2 Ke7 54.Kd3 Kf7 55.Ke4 Kg6 56.Ra8 Re5+
57.Kf4 Rc5 58.Ra7 Rh5 59.Ra6 Rc5 60.Ra7 f5 61.Ra6+ Kf7 62.Kg5 Ke7 63.Kf4 Kd7
64.Rf6 Rc2 65.Rxf5 Rxa2 66.Ke4 Ra3 67.Kd4 Rxb3 68.Rxa5  1/2-1/2

[Event "Recklinghausen"]
[Site "Recklinghausen"]
[Date "1995.??.??"]
[Round "7"]
[White "Kummerow, Heiko"]
[Black "Mainka, Romuald"]
[Result "0-1"]
[WhiteElo "2250"]
[BlackElo "2530"]

1.e4 c5 2.Nf3 Nc6 3.d4 cxd4 4.Nxd4 Nf6 5.Nc3 d6 6.Bg5 e6 7.Qd2 a6 8.O-O-O Qb6
9.f3 Be7 10.Nb3 O-O 11.Be3 Qc7 12.Qf2 b5 13.g4 Ne5 14.g5 Nfd7 15.Kb1 b4 16.Ne2 Nc4
17.Bc1 e5 18.Ng3 Ndb6 19.Nf5 Be6 20.f4 exf4 21.Qd4 Bxf5 22.exf5 Bxg5 23.Rg1 f6
24.h4 Bh6 25.Bxf4 Bxf4 26.Qxf4 Rac8 27.Bxc4+ Nxc4 28.Nd4 Rf7 29.Qe4 Kh8 30.Ne6 Qb6
31.Qd3 Qf2 32.Rge1 Re7 33.Re2 Qxh4 34.Qd5 Ne5 35.Rh1 Qc4 36.Reh2 Qxd5 37.Rxh7+ Kg8  0-1

[Event "Reykjavik Olafsson"]
[Site "Reykjavik"]
[Date "1995.??.??"]
[Round "4"]
[White "Thorhallsson, Throstur"]
[Black "Petursson, Margeir"]
[Result "0-1"]
[WhiteElo "2420"]
[BlackElo "2565"]

1.e4 c5 2.Nf3 d6 3.d4 cxd4 4.Nxd4 Nf6 5.Nc3 Nc6 6.Bg5 e6 7.Qd3 Be7 8.O-O-O O-O
9.f4 Qa5 10.Nb3 Qb6 11.Be2 Rd8 12.Bf3 Bd7 13.Qe2 Be8 14.Bh4 Qc7 15.Bf2 a6
16.Rhe1 Nd7 17.Kb1 Rac8 18.Rd2 Na5 19.Nxa5 Qxa5 20.Bd4 b5 21.g3 Nb6 22.Bxb6 Qxb6
23.Qe3 Qc7 24.Red1 a5 25.Bg4 Bf6 26.Ne2 b4 27.f5 e5 28.Nc1 d5 29.exd5 Rxd5
30.Bf3 Rc5 31.Be4 a4 32.h4 h6 33.Qf2 Be7 34.Nd3 Rc4 35.Qe2 Rd4 36.Nc1 Rxd2
37.Rxd2 a3 38.Nb3 Qb6 39.Rd1 Bc6 40.Bxc6 Qxc6 41.Rd2 axb2 42.Rd3 Bf6 43.Re3 e4
44.g4 Ra8 45.Rxe4  0-1

[Event "Riga op"]
[Site "Riga"]
[Date "1995.??.??"]
[Round "?"]
[White "Meijers, Viesturs"]
[Black "Krakops, Maris"]
[Result "1/2-1/2"]
[WhiteElo "2360"]
[BlackElo "2475"]

1.e4 c5 2.Nf3 d6 3.d4 cxd4 4.Nxd4 Nf6 5.Nc3 Nc6 6.Bg5 e6 7.Qd2 a6 8.Be2 Bd7
9.O-O Be7 10.Rad1 Nxd4 11.Qxd4 Bc6 12.f4 O-O 13.Kh1 Qc7 14.e5 dxe5 15.fxe5 Nd5
16.Nxd5 Bxd5 17.Bxe7 Qxe7 18.Qg4 Rad8 19.Bd3 Bc6 20.Rde1 Bb5 21.Bxb5 axb5
22.h3 Qc5 23.c3 Rd2 24.Re2 Qd5 25.a3 Rd8 26.Qf4 Rd7 27.Ref2 h6 28.Kh2 Rd3
29.Rf3 Rxf3 30.Rxf3 Qd2 31.Qb4 Qe2 32.Qc5 Rd5 33.Qc8+ Kh7 34.Qc7 Rd2 35.Rg3 Qf2
36.Qxb7 Qf4 37.Qf3 Qxf3 38.Rxf3 Rxb2 39.Rxf7 Re2  1/2-1/2

[Event "ROM-chT"]
[Site "ROM"]
[Date "1995.??.??"]
[Round "?"]
[White "Timoshenko, Georgy"]
[Black "Varga, Zalan"]
[Result "1/2-1/2"]
[WhiteElo "2555"]
[BlackElo "2275"]

1.e4 c5 2.Nf3 Nc6 3.d4 cxd4 4.Nxd4 Nf6 5.Nc3 d6 6.Bg5 e6 7.Qd2 Be7 8.O-O-O O-O
9.f4 h6 10.Bxf6 Bxf6 11.Ndb5 e5 12.g3 Bg4 13.Be2 Bxe2 14.Nxe2 exf4 15.gxf4 Qb6
16.c4 d5 17.e5 Be7 18.Qxd5 Nb4 19.Qd4 Nxa2+ 20.Kb1 Nb4  1/2-1/2

[Event "ROM-chT"]
[Site "ROM"]
[Date "1995.??.??"]
[Round "?"]
[White "Vasiesiu, Cristina"]
[Black "Nutu Gajic, Dana"]
[Result "0-1"]
[WhiteElo "2155"]
[BlackElo "2320"]

1.e4 c5 2.Nf3 d6 3.d4 Nf6 4.Nc3 cxd4 5.Nxd4 Nc6 6.Bg5 e6 7.Qd2 a6 8.O-O-O Bd7
9.f3 b5 10.h4 Rc8 11.Kb1 h6 12.Be3 Nxd4 13.Bxd4 b4 14.Ne2 e5 15.Be3 Qa5 16.Nc1 Be6
17.Nb3 Qa4 18.g4 d5 19.Bh3 d4 20.Bf2 a5 21.g5 Bxh3 22.gxf6 Be6 23.fxg7 Bxg7
24.Rhg1 Bf8 25.f4 Qc6 26.fxe5 Bxb3 27.axb3 a4 28.Rg3 Bc5 29.Rd3 axb3 30.Rxb3 Ra8
31.Qd3 Rg8 32.c3 Rg2 33.cxd4 Rxf2 34.e6 Qa4  0-1

[Event "RUS Army-ch"]
[Site "RUS"]
[Date "1995.??.??"]
[Round "?"]
[White "Komliakov, Viktor"]
[Black "Kiselev, Sergey"]
[Result "1/2-1/2"]
[WhiteElo "2535"]
[BlackElo "2495"]

1.e4 c5 2.Nf3 d6 3.d4 cxd4 4.Nxd4 Nf6 5.Nc3 Nc6 6.Bg5 e6 7.Qd2 a6 8.O-O-O h6
9.Be3 Be7 10.f3 Nxd4 11.Bxd4 b5 12.Bxf6 gxf6 13.Bd3 Qb6 14.Kb1  1/2-1/2

[Event "RUS Army-ch"]
[Site "RUS"]
[Date "1995.??.??"]
[Round "?"]
[White "Komliakov, Viktor"]
[Black "Mukhametov, Eldar"]
[Result "1/2-1/2"]
[WhiteElo "2535"]
[BlackElo "2515"]

1.e4 c5 2.Nf3 d6 3.d4 cxd4 4.Nxd4 Nf6 5.Nc3 Nc6 6.Bg5 e6 7.Qd2 a6 8.O-O-O h6
9.Be3 Be7 10.f3 Nxd4 11.Qxd4 b5 12.e5 dxe5 13.Qxe5 Bd7 14.Ne4 Nxe4 15.Qxe4 Rc8
16.Kb1 Qc7 17.Bd4 f5 18.Qe2 O-O 19.Be5 Qb7 20.Bd6 Bxd6 21.Rxd6 Rc6 22.Rd2 Qc7
23.Qd1 Bc8 24.Bd3  1/2-1/2

[Event "Salta Clarin op"]
[Site "Salta"]
[Date "1995.??.??"]
[Round "5"]
[White "Ginzburg, Maximiliano"]
[Black "Aparicio, Anibal"]
[Result "1-0"]
[WhiteElo "2440"]
[BlackElo "2325"]

1.e4 c5 2.Nf3 Nc6 3.d4 cxd4 4.Nxd4 Nf6 5.Nc3 d6 6.Bg5 e6 7.Qd2 a6 8.O-O-O Bd7
9.f4 b5 10.Bxf6 gxf6 11.Nxc6 Bxc6 12.Qe1 h5 13.Kb1 Qa5 14.Bd3 O-O-O 15.f5 b4
16.Ne2 e5 17.Nc1 d5 18.Qe2 Bb7 19.exd5 Qb6 20.Bc4 Bd6 21.Nb3 Rdg8 22.Nd2 Kd7
23.Ne4 Ke7 24.Rhf1 Rc8 25.Rf3 Rc7 26.Rh3 Bc8 27.g4 h4 28.Bb3 Bd7 29.c4 bxc3
30.Rxc3 Rxc3 31.Nxc3 a5 32.Rc1 Rc8 33.Bc4 a4 34.Ne4 h3 35.Qf2 Qxf2 36.Nxf2 a3
37.b3 Rg8 38.Be2 Bxf5+ 39.gxf5 Rg2 40.Rf1 Rxh2 41.Bf3 Bc5 42.Nd3 Bd4 43.b4 Rd2
44.Be4 h2 45.Rc1 Bg1 46.Rc7+ Kf8 47.Nc5 Rb2+ 48.Kc1 Be3+ 49.Kd1 Rxb4 50.Bg2 Rb1+
51.Ke2 Rb2+ 52.Kf3 Rf2+ 53.Kg3 Rxa2 54.Kxh2 Rb2 55.Nd3 Rd2 56.Nb4 Bf4+ 57.Kh3 a2
58.Rc8+ Kg7 59.Ra8 Rb2 60.Nxa2 Rb3+ 61.Kh4 Rg3 62.Be4 Re3 63.Ra4 Kh6 64.d6 Re2
65.Nc3 Rh2+ 66.Kg4 Rd2 67.Nd5  1-0

[Event "BRA-chT"]
[Site "San Jose do Rio Preto"]
[Date "1995.??.??"]
[Round "5"]
[White "Martinez, Carlos Alejandro"]
[Black "Tsuboi, Edson Kenji"]
[Result "1-0"]
[WhiteElo "2385"]
[BlackElo "2335"]

1.e4 c5 2.Nf3 d6 3.d4 cxd4 4.Nxd4 Nf6 5.Nc3 Nc6 6.Bg5 e6 7.Qd2 Be7 8.f3 a6
9.O-O-O Nxd4 10.Qxd4 O-O 11.g4 b5 12.h4 Qa5 13.Kb1 b4 14.Ne2 e5 15.Qd2 Be6
16.Nc1 Rac8 17.Bxf6 Bxf6 18.g5 Be7 19.Bh3 Bxh3 20.Rxh3 Rc7 21.Nd3 d5 22.exd5 Qxd5
23.Qe2 Rfc8 24.Rd2 Rd8 25.Rh1 Rc4 26.Rdd1 Rd4 27.Rhe1 f6 28.gxf6 Bxf6 29.h5 a5
30.Qg2 a4 31.Re4 b3 32.axb3 axb3 33.Rxd4 bxc2+ 34.Qxc2 exd4 35.h6 g6 36.f4 Ra8
37.Nb4 Qe6 38.Qg2 Qf5+ 39.Nd3 Re8 40.Qc6 Rc8 41.Qa6 Be7 42.Re1 Bd6 43.Ka1 Qf8
44.Kb1 Qf5 45.Ka1 Qf8 46.Qb5 Qf7 47.Kb1 Bf8 48.Rh1 Ra8 49.Qc6 Qa2+ 50.Kc2 Qa4+
51.Qxa4 Rxa4 52.Kb3 Ra5 53.Kc4 Rh5 54.Ra1 Bxh6 55.b4 Rf5 56.b5 Bxf4 57.Nxf4 Rxf4
58.b6 d3+ 59.Kc3 d2 60.b7 Rf8 61.Kxd2 Kg7 62.Ra8  1-0

[Event "San Juan y Martinez"]
[Site "San Juan"]
[Date "1995.??.??"]
[Round "1"]
[White "Pupo, Emilio"]
[Black "Blanco, Cesar Augusto"]
[Result "0-1"]
[WhiteElo "2420"]
[BlackElo "2455"]

1.e4 c5 2.Nf3 Nc6 3.d4 cxd4 4.Nxd4 Nf6 5.Nc3 d6 6.Bg5 a6 7.Qd2 e6 8.O-O-O h6
9.Be3 Bd7 10.f4 Be7 11.Bd3 Ng4 12.Nf3 Nxe3 13.Qxe3 b5 14.Kb1 Rc8 15.Rhe1 Nb4
16.Ne2 Qa5 17.Nc1 Qc7 18.Rd2 a5 19.g4 Nxd3 20.Nxd3 b4 21.f5 e5 22.h4 Ba4
23.Rc1 Qb7 24.Rdd1 Bd8 25.Qe2 Bb6 26.g5 h5 27.g6 f6 28.Nde1 Ke7 29.Rd2 Ba7
30.Rcd1 Bb5 31.Qg2 Qxe4 32.Rxd6 Rhd8 33.Qd2 Bd4 34.Re6+ Kf8 35.Rxf6+ gxf6
36.Qh6+ Ke7 37.Qg7+ Kd6 38.Qxf6+ Kc7 39.Ng5 Qe2 40.Rc1 Rd6 41.Qe7+ Rd7 42.Qf6 Kb7  0-1